000 00556nas a2200217 i 4500
001 1714
003 ES-MaACL
005 20250217134333.0
007 t|
008 950801d19211936gw | | 1 ||er d
080 _a430
245 0 4 _aDer Querschnitt.
260 _aBerlin :
_bKurt Wolff,
_c1921-1936.
300 _a1 v. :
_bgrab. ;
_c25 cm.
310 _aMensual
362 0 _aAño I (1921)-(1936)
650 1 4 _aRevistas de información general.
_916896
852 _aES-MaACL
_jHEM-D-195
_xHem-1392
_d
866 0 _o1934.
999 _c1714
_d1714